000 00358nam a2200133 4500
005 20260530113846.0
100 1 _aICSID
_930713
245 1 0 _aDesign for need / Social Contribution of Design
264 1 _bICSID by Pergamon Press
_c1976
300 _a154 páginas
336 _atexto
_2rdacontent
337 _asin medio
_2rdamedia
338 _avolumen
_2rdacarrier
999 _c11283
_d11283